Central Library OPAC University of Rajshahi

Income inequality and poverty : (Record no. 45502)

MARC details
000 -LEADER
fixed length control field 00924nam a2200277 a 4500
001 - CONTROL NUMBER
control field 45502
003 - CONTROL NUMBER IDENTIFIER
rucl marc code BD-RjUL
005 - DATE AND TIME OF LATEST TRANSACTION
control field 20211209054026.0
008 - FIXED-LENGTH DATA ELEMENTS--GENERAL INFORMATION
fixed length control field 800403s1980 nyu b 001 0 eng
020 ## - INTERNATIONAL STANDARD BOOK NUMBER
International Standard Book Number 0195202279 (pbk.)
International Standard Book Number 0195201264 :
Terms of availability $6.95
035 ## - SYSTEM CONTROL NUMBER
System control number (BD-RjUL) 45620
040 ## - CATALOGING SOURCE
Original cataloging agency DLC
Transcribing agency DLC
Modifying agency DLC
-- BD-RjUL
Language of cataloging eng
041 ## - LANGUAGE CODE
Language code of text/sound track or separate title eng
082 00 - DEWEY DECIMAL CLASSIFICATION NUMBER
Classification number 339.20151
Edition number 23
Author mark and year NAI 1980
100 1# - MAIN ENTRY--PERSONAL NAME
Personal name Kakwani, Nanak.
9 (RLIN) 139288
245 10 - TITLE STATEMENT
Title Income inequality and poverty :
Remainder of title methods of estimation and policy applications /
Statement of responsibility, etc. Nanak C. Kakwani.
260 ## - PUBLICATION, DISTRIBUTION, ETC. (IMPRINT)
Place of publication, distribution, etc. New York :
Name of publisher, distributor, etc. Published for the World Bank by Oxford University Press,
Date of publication, distribution, etc. c1980.
300 ## - PHYSICAL DESCRIPTION
Pagination xvi, 416 p. ;
Size 24 cm.
500 ## - GENERAL NOTE
General note Includes indexes.
504 ## - BIBLIOGRAPHY, ETC. NOTE
Bibliography, etc Bibliography: p. 399-411.
650 #0 - SUBJECT ADDED ENTRY--TOPICAL TERM
Topical term or geographic name as entry element Income distribution
General subdivision Mathematical models.
9 (RLIN) 139289
Topical term or geographic name as entry element Poverty
General subdivision Mathematical models.
9 (RLIN) 139290
710 2# - ADDED ENTRY--CORPORATE NAME
Corporate name or jurisdiction name as entry element World Bank.
9 (RLIN) 139291
942 ## - ADDED ENTRY ELEMENTS (KOHA)
Source of classification or shelving scheme Dewey Decimal Classification
Koha item type Books
Holdings
Lost status Source of classification or shelving scheme Damaged status Not for loan Collection code Permanent Location Current Location Shelving location Date acquired Total Checkouts Full call number Date last seen Copy number Koha item type
  Dewey Decimal Classification     Non-fiction Central Library, University of Rajshahi Central Library, University of Rajshahi   08/08/1981   339.20151 NAI 1980 26/07/2016 C-2 Books